MARC
| LEADER | 00000 a a2200000 04500 | ||
|---|---|---|---|
| 001 | 24712 | ||
| 003 | |||
| 040 | |a CRAI/IIS |c CRAI/IIS | ||
| 020 | |a 968-12-0367-4 | ||
| 090 | |a 177800 | ||
| 100 | |a Michitoshi, Takabatake | ||
| 110 | |a Colegio de México | ||
| 245 | |a Política y pensamiento político en Japón, 1926-1982 / |c Takabatake Michitoshi | ||
| 260 | |a México, D.F.: |b CM | ||
| 300 | |a 505 p. | ||
| 700 | |a ed. |a Knaut, Lothar |a ed. |a Tanaka, Michiko |a ed. | ||
| 999 | |c 6303 |d 6303 | ||



